000 00843nam a22001937a 4500
003 OSt
005 20250911154929.0
008 240215b ||||| |||| 00| 0 eng d
040 _c0
082 _aDPer 621.317 Ie21 May 2022 v. 37 n. 5
100 _aLiu, Lunhaojie.
_eauthor.
_952528
245 _aExtended state observer based interval type-2 fuzzy neural network sliding mode control with its application in active power filter /
_cLunhaojie Liu and Juntao Fei.
260 _aNew York ;
_bThe Institute of Electrical and Electronics Engineers, Inc. ,
_cMay 2022.
300 _aVolume 37, pages 5138-5154 :
_billustration ;
_c28 cm.
500 _aIEEE Transactions on Power Electronics, vol. 37, no. 5, pages 5138-5154, May 2022.
700 _aLiu, Lunhaojie.
_eauthor.
_952528
700 _aFei, Juntao.
_eauthor.
_952529
942 _2ddc
_cPER
999 _c19177
_d19177